000 00478nam a22001697a 4500
005 20260323143431.0
008 260323b |||||||| |||| 00| 0 eng d
020 _a978-81-203-4308-5
100 _aSAHOO BALARAM
245 _aINORGANIC CHEMISTRY
260 _aNEW DELHI
_bPHI LEARNING
_c2012
300 _aXXXV,1036P.
500 _aINCLUDES AN INDEX
650 _aCHEMISTRY
700 _aNIMAI CHARAN NAYAK, ASUTOSH SAMANTARAY, PRAFULLA KUMAR PUJAPANDA
942 _2lcc
_cBK
999 _c216857
_d216857